Vida de Marcos de Obregón / (Record n. 10934)
[ formato base ]
| 000 -LEADER | |
|---|---|
| fixed length control field | 00781nam a2200229 i 4500 |
| 003 - CONTROL NUMBER IDENTIFIER | |
| control field | IT-RoINE |
| 005 - DATE AND TIME OF LATEST TRANSACTION | |
| control field | 20160208071125.0 |
| 008 - FIXED-LENGTH DATA ELEMENTS--GENERAL INFORMATION | |
| fixed length control field | 971125s1951 sp | r ||| ||spa d |
| 040 ## - CATALOGING SOURCE | |
| Original cataloging agency | SpMaBN |
| Transcribing agency | SpMaBN IT-RoINE |
| Modifying agency | IT-RoINE |
| 100 1# - MAIN ENTRY--PERSONAL NAME | |
| Personal name | Espinel, Vicente, |
| Dates associated with a name | 1550-1624 |
| 9 (RLIN) | 22577 |
| 240 10 - UNIFORM TITLE | |
| Uniform title | Vida del escudero Marcos de Obregón |
| 245 10 - TITLE STATEMENT | |
| Title | Vida de Marcos de Obregón / |
| Statement of responsibility, etc | Espinel ; edición y notas de Samuel Gili Gaya. |
| 260 ## - PUBLICATION, DISTRIBUTION, ETC. (IMPRINT) | |
| Place of publication, distribution, etc | Madrid : |
| Name of publisher, distributor, etc | Espasa-Calpe, |
| Date of publication, distribution, etc | 1951. |
| 300 ## - PHYSICAL DESCRIPTION | |
| Extent | 2 v. ; |
| Dimensions | 20 cm. |
| 336 ## - CONTENT TYPE | |
| Source | rdacontent |
| Content type term | text |
| 337 ## - MEDIA TYPE | |
| Source | rdamedia |
| Media type term | unmediated |
| 338 ## - CARRIER TYPE | |
| Source | rdacarrier |
| Carrier type term | volume |
| 490 1# - SERIES STATEMENT | |
| Series statement | Clásicos castellanos ; |
| Volume number/sequential designation | 43, 51 |
| 700 1# - ADDED ENTRY--PERSONAL NAME | |
| Personal name | Gili Gaya, Samuel, |
| Dates associated with a name | 1892-1976 |
| 9 (RLIN) | 10712 |
| 830 #0 - SERIES ADDED ENTRY--UNIFORM TITLE | |
| Uniform title | Clásicos castellanos (Espasa-Calpe) ; |
| Volume number/sequential designation | 43, 51 |
| 9 (RLIN) | 22520 |
| 942 ## - ADDED ENTRY ELEMENTS (KOHA) | |
| Item type | Monografías |
| Withdrawn status | Lost status | Damaged status | Not for loan | Home library | Current library | Date acquired | Total Checkouts | Full call number | Barcode | Date last seen | Price effective from | Koha item type | Public note |
|---|---|---|---|---|---|---|---|---|---|---|---|---|---|
| Iglesia Nacional Española en Roma | Iglesia Nacional Española en Roma | 08/02/2016 | COL.A 31.43 | 19263 | 08/02/2016 | 08/02/2016 | Monografías | v. 1 | |||||
| Iglesia Nacional Española en Roma | Iglesia Nacional Española en Roma | 08/02/2016 | COL.A 31.51 | 19264 | 08/02/2016 | 08/02/2016 | Monografías | v. 2 |